Statistics for Capitals of French Regions

Click here to take the quiz!

General Stats

  • This quiz has been taken 6,741 times
    (6,327 since last reset)
  • The average score is 10 of 18

Answer Stats

Region Population Capital % Correct
Île-de-France2,229,621Paris
100%
Provence-Alpes-
Côte d'Azur
855,393Marseille
91%
Auvergne-Rhône-Alpes500,715Lyon
88%
Nouvelle Aquitaine243,626Bordeaux
81%
Grand Est275,718Strasbourg
75%
Occitanie458,298Toulouse
72%
Hauts-de-France231,491Lille
64%
Pays de la Loire292,718Nantes
62%
Corsica67,507Ajaccio
58%
Bourgogne-
Franche-Comté
153,003Dijon
54%
Brittany211,373Rennes
50%
Normandy110,755Rouen
41%
Centre-Val de Loire114,375Orléans
39%
French Guiana55,198Cayenne
34%
Réunion145,238Saint-Denis
22%
Martinique85,295Fort-de-France
21%
Guadeloupe11,395Basse-Terre
19%
Mayotte57,281Mamoudzou
15%

Score Distribution

Percentile by Number Answered

Percent of People with Each Score

Your Score History

You have not taken this quiz since the last reset